|
|
|
|
| LEADER |
00000nam0a2200000 4500 |
| 001 |
310569 |
| 005 |
20231102002312.0 |
| 020 |
|
|
|a RU
|b 82-21778
|
| 035 |
|
|
|a (RuTPU)RU\TPU\book\335919
|
| 090 |
|
|
|a 310569
|
| 100 |
|
|
|a 20151126d1982 km y0rusy5003 ca
|
| 101 |
0 |
|
|a rus
|
| 102 |
|
|
|a RU
|
| 105 |
|
|
|a a z 001zy
|
| 200 |
1 |
|
|a Безопасность проведения массовых взрывов
|f М. Ф. Шнайдер, А. М. Бейсебаев
|
| 210 |
|
|
|a Москва
|c Недра
|d 1982
|
| 215 |
|
|
|a 124 с.
|c ил.
|
| 225 |
1 |
|
|a Безопасность буровзрывных работ
|
| 320 |
|
|
|a Библиогр.: с. 121-122
|
| 606 |
1 |
|
|a Взрывные работы
|x Техника безопасности
|2 stltpush
|3 (RuTPU)RU\TPU\subj\2386
|9 30962
|
| 610 |
1 |
|
|a массовые взрывы
|
| 610 |
1 |
|
|a инженерное обеспечение
|
| 610 |
1 |
|
|a взрывчатые вещества
|
| 610 |
1 |
|
|a доставка
|
| 610 |
1 |
|
|a заряжение
|
| 610 |
1 |
|
|a скважины
|
| 610 |
1 |
|
|a предупреждение
|
| 610 |
1 |
|
|a преждевременные взрывы
|
| 610 |
1 |
|
|a взрывные сети
|
| 610 |
1 |
|
|a монтаж
|
| 610 |
1 |
|
|a отказы
|
| 610 |
1 |
|
|a ликвидация
|
| 610 |
1 |
|
|a вредные последствия
|
| 675 |
|
|
|a 622.235.3
|z rus
|v 3
|
| 700 |
|
1 |
|a Шнайдер
|b М. Ф.
|g Михаил Фатеевич
|4 070
|
| 701 |
|
1 |
|a Бейсебаев
|b А. М.
|g Акылжан Масымханович
|4 070
|
| 801 |
|
0 |
|a RU
|b RuMRKP
|c 19950704
|g psbo
|
| 801 |
|
1 |
|a RU
|b 63413507
|c 20151126
|
| 801 |
|
2 |
|a RU
|b 63413507
|c 20180926
|g RCR
|
| 942 |
|
|
|c BK
|